[Event "Kragero Sept op"]
[Site "Kragero"]
[Date "2020.09.05"]
[Round "3"]
[White "Storlid, Simen Nikolai"]
[Black "Kveim, Ingvar Torjesen"]
[Result "0-1"]
[WhiteElo "1553"]
[BlackElo "1423"]
[PlyCount "142"]
[EventDate "2020.09.04"]
[EventType "swiss"]
[EventRounds "6"]
[EventCountry "NOR"]
[SourceTitle "CBM 198 Extra"]
[Source "ChessBase"]
[SourceDate "2020.11.30"]
[SourceVersion "1"]
[SourceVersionDate "2020.11.30"]
[SourceQuality "1"]

1. e4 c5 2. Nf3 d6 3. d4 cxd4 4. Nxd4 Nf6 5. Nc3 g6 6. Be3 Bg7 7. f3 0-0 8. Qd2 Nc6 9. 0-0-0 d5 10. Nxc6 bxc6 11. exd5 cxd5 12. Nxd5 Nxd5 13. Qxd5 Qc7 14. Qc5 Qb7 15. Bd4 Bf5 16. Bd3 Rac8 17. Qa3 Bxd4 18. Bxf5 Rcd8 19. Be4 Qc7 20. Kb1 Rd6 21. Rd3 f5 22. Bd5+ Rxd5 23. c3 Bc5 24. Qb3 e6 25. Rxd5 exd5 26. Qxd5+ Kh8 27. Rd1 Bb6 28. g3 Qe7 29. Qd6 Qxd6 30. Rxd6 Re8 31. Kc2 Re2+ 32. Rd2 Re3 33. Rd3 Kg7 34. Rxe3 Bxe3 35. b4 Bg1 36. h3 Kf6 37. c4 Ke5 38. Kd3 a6 39. a4 h5 40. a5 Kd6 41. g4 hxg4 42. hxg4 fxg4 43. fxg4 g5 44. Ke4 Kc6 45. Kf5 Be3 46. Ke5 Bd2 47. b5+ axb5 48. cxb5+ Kxb5 49. a6 Kxa6 50. Ke4 Kb5 51. Kd5 Bf4 52. Kd4 Kc6 53. Kc4 Kd6 54. Kd4 Ke6 55. Ke4 Bh2 56. Kd4 Bg1+ 57. Ke4 Bb6 58. Kf3 Ke5 59. Kg3 Ke4 60. Kg2 Kf4 61. Kh2 Kxg4 62. Kg2 Ba7 63. Kh1 Kf3 64. Kh2 g4 65. Kh1 Bb6 66. Kh2 g3+ 67. Kh3 g2 68. Kh4 g1Q 69. Kh5 Kf4 70. Kh6 Kf5 71. Kh7 Kf6 0-1

[Event "Kragero op-B"]
[Site "Kragero"]
[Date "2020.02.20"]
[Round "4"]
[White "Skaslien, Ingrid"]
[Black "Kveim, Ingvar Torjesen"]
[Result "1-0"]
[WhiteElo "1847"]
[BlackElo "1584"]
[PlyCount "77"]
[EventDate "2020.02.19"]
[EventType "swiss"]
[EventRounds "9"]
[EventCountry "NOR"]
[SourceTitle "CBM 195 Extra"]
[Source "ChessBase"]
[SourceDate "2020.05.31"]
[SourceVersion "1"]
[SourceVersionDate "2020.05.31"]
[SourceQuality "1"]

1. d4 Nf6 2. c4 c5 3. d5 e6 4. Nc3 exd5 5. cxd5 d6 6. e4 g6 7. Be2 Bg7 8. Nf3 0-0 9. 0-0 Bg4 10. Nd2 Bxe2 11. Qxe2 Nbd7 12. Re1 Re8 13. Nc4 Nb6 14. Bg5 h6 15. Bh4 Nxc4 16. Qxc4 g5 17. Bg3 Nh5 18. Ne2 Qd7 19. Qc2 b5 20. h3 Nxg3 21. Nxg3 a5 22. Nf5 b4 23. Qe2 Kh7 24. Rad1 a4 25. h4 f6 26. Rd3 Re5 27. Re3 Rd8 28. Qg4 Qf7 29. Qd1 Qd7 30. Qd3 Qb7 31. Rg3 Bf8 32. Qd1 Rde8 33. Ree3 Qb5 34. Qh5 Qc4 35. Qf7+ Kh8 36. Qxf6+ Kg8 37. hxg5 Rxe4 38. Nxh6+ Kh7 39. g6+ 1-0